| 000 | 00614nam a2200217 a 4500 | ||
|---|---|---|---|
| 999 |
_c3539 _d3539 |
||
| 001 | 3539 | ||
| 003 | BD-JhCC | ||
| 005 | 20171122192243.0 | ||
| 008 | 171114s1977 bg |||| ||a| 00| 0 ben d | ||
| 035 | _a(BD-JhCC) 3539 | ||
| 040 |
_aBD-JhCC _dBD-JhCC |
||
| 041 | _aben | ||
| 082 |
_a891.4435 _bKHA 1977 |
||
| 100 | _aখান, রাহাত | ||
| 245 |
_aহবু রাজা গবু মন্ত্রী / _cরাহাত খান, |
||
| 260 |
_aঢাকা : _bমুক্তধারা , _c1977 |
||
| 300 |
_a65 p .: _c22 cm . |
||
| 650 | _aShort Stories | ||
| 942 |
_2ddc _cBK |
||